| 000 | 00383nam a2200109Ia 4500 | ||
|---|---|---|---|
| 008 | 220512s9999 xx 000 0 eng d | ||
| 100 | _aTuteja, Usha | ||
| 245 | 0 |
_aAssesment of Marketable and Marketed Surplus of Major Food-Grains in Haryana / _cTuteja, Usha |
|
| 260 |
_aDelhi : _bAgricultural Economics Research Center University of Delhi, _cJun-13 |
||
| 546 | _aEnglish | ||
| 942 | _cPR | ||
| 999 |
_c36818 _d36818 |
||